| 000 | 01271nam a2200277 a 4500 | ||
|---|---|---|---|
| 003 | MX-MxUPN | ||
| 005 | 20241001063936.0 | ||
| 008 | 991125s1919 sp a r 000 0 spa d | ||
| 035 | _aUPN01000031342 | ||
| 040 |
_aMX-MxUPN _bspa _cMX-MxUPN |
||
| 041 | 0 | _aspa | |
| 050 | 4 |
_aLB1029 G3 _bD4.38 |
|
| 100 | 1 |
_aDecroly, Ovide, _d1871-1932 |
|
| 100 | 1 |
_aMonchamp, Eugénie, _d1882- _952891 |
|
| 245 | 1 | 3 |
_aLa iniciación a la actividad intelectual y motriz por los juegos educativos : _bcontribución a la pedagogía de los niños y de los irregulares |
| 260 |
_aMadrid : _bFrancisco Beltrán, _c1919. |
||
| 300 |
_a282 páginas, [3] de láminas. : _bilustraciones |
||
| 490 | 0 | _aActualidades pedagógicas | |
| 500 | _aApéndices (p. 114-1282) : La clasificación de los niños anormales -- Las causas de las irregularidades mentales en los niños -- Principios generales relativos al tratamiento delos niños irregulares -- Organización de las escu | ||
| 650 | 4 |
_aJuegos infantiles _96445 |
|
| 650 | 4 |
_aNiño, Estudio del _9221 |
|
| 650 | 4 |
_aNiños con discapacidad _xEducación _91549 |
|
| 700 | 1 |
_aOrellana Garrido, Jacobo _949005 _etraducción |
|
| 710 | 2 |
_aInstituto Nacional de Investigación Educativa (México) _epropietario anterior _928086 |
|
| 942 |
_2lcc _cLIBRO |
||
| 999 |
_c31342 _d31342 |
||